Score 0/300 Timer 09:00
20 Plays Today
Rank Surname % Correct
74Richardson
94.3%
2Johnson
94%
245Williamson
93.7%
12Anderson
93.7%
10Wilson
92.7%
159Robertson
92.7%
225Carlson
92.5%
128Harrison
92.4%
104Patterson
91.8%
19Thompson
91.7%
18Jackson
91.7%
101Henderson
91.6%
63Peterson
91.5%
27Robinson
91.3%
269Davidson
90.8%
231Morrison
90.4%
251Hanson
90.1%
88Sanders
89.6%
149Mason
89.3%
173Ferguson
89.3%
207Johnston
89.2%
224Larson
89.2%
76Watson
89.1%
281Pearson
88.6%
235Lawson
88.5%
145Simpson
88.4%
40Nelson
88.2%
136Olson
87.3%
202Hudson
87.3%
119Gibson
87.2%
15Hernandez
86.8%
111Alexander
86.1%
138Washington
85.8%
46Carter
85.5%
178Fernandez
85.1%
276Holland
85%
211Carpenter
84.8%
125Marshall
84.6%
215Richards
84.4%
287Sandoval
84.1%
107Hamilton
82.8%
1Smith
82.1%
11Martinez
81.4%
87Foster
81.1%
262Walters
80.9%
3Williams
80.1%
218Chapman
79.8%
190Peters
79.3%
5Jones
78.5%
17Martin
78.5%
216Willis
78.4%
162Stone
78.3%
226Harper
78%
102Coleman
77%
206Andrews
76.9%
113Wallace
76.8%
54Stewart
76.1%
140Freeman
75.8%
255Burton
75.5%
90Morales
75.1%
201Carroll
74.4%
45Roberts
73.7%
290Keller
73.7%
52Collins
73.6%
181Stephens
73.3%
6Miller
73.2%
212Perkins
72.6%
44Mitchell
72.4%
196Hart
72.3%
193Hansen
72.1%
148Porter
71.9%
288Barrett
71.5%
300Barnett
71.5%
99Barnes
71.3%
182Gardner
70.8%
24Harris
70.6%
298Estrada
70.2%
153Hunter
69.6%
273Newman
69.5%
14Thomas
69.3%
268Bowman
69.2%
246Montgomery
69.1%
184Kelley
68.9%
4Brown
68.8%
33Sanchez
68.7%
32Allen
68.7%
272Schneider
68.6%
77Brooks
68.5%
195Hoffman
68.2%
198Cunningham
68.1%
43Campbell
68.1%
230Guzman
67.4%
29Perez
67.3%
236Franklin
67.1%
239Carr
67%
135Castillo
67%
249Howell
66.9%
108Graham
66.9%
110Gonzales
66.6%
64Cooper
66.5%
Rank Surname % Correct
30Hall
66.4%
170Moreno
66.3%
292Stanley
66%
100Fisher
65.9%
122Stevens
65.4%
192Grant
65.4%
244Jensen
65.2%
253Garrett
65.1%
243Gilbert
64.5%
28Walker
64.3%
91Powell
64.1%
175Herrera
63.9%
200Bradley
63.8%
97Perry
63.8%
103Simmons
63.6%
35King
63.4%
217Matthews
63.2%
242Mendez
63.1%
67Bell
63%
247Harvey
62.9%
299Contreras
62.7%
279Santos
62.6%
51Parker
62.5%
222Watkins
62.3%
23Gonzalez
62.2%
260Chen
62.1%
39Adams
61.7%
147Jimenez
61.7%
228Greene
61.5%
78Bennett
61.5%
256Fuller
61.4%
56Morris
61.1%
69Kelly
61%
131Wells
61%
205Berry
60.8%
70Howard
60.5%
37Green
60.5%
165Mills
60.4%
166Warren
60.4%
61Rogers
60.4%
127McDonald
60.2%
144Snyder
59.9%
223Wheeler
59.9%
93Russell
59.8%
118Chavez
59.5%
53Edwards
59.4%
174Nichols
59.3%
62Morgan
59.2%
98Butler
59.1%
252Weber
59%
121Ellis
58.3%
47Phillips
58%
274Brewer
57.8%
204Armstrong
57.7%
197Elliott
57.7%
95Jenkins
56.6%
160Black
56.2%
7Davis
56%
151Gordon
55.6%
38Baker
55.6%
71Ward
55.3%
105Jordan
55.2%
191Hawkins
55%
267Fowler
54.9%
289Hopkins
54.9%
241Austin
54.5%
134Mendoza
54.3%
154Romero
54.1%
55Flores
53.6%
42Ramirez
53.4%
79Gray
53.3%
132Alvarez
53.3%
25Clark
52.9%
194Castro
52.7%
158Palmer
52.5%
219Lawrence
52.2%
146Crawford
51.6%
80James
51.4%
180Daniels
51.3%
49Turner
51%
189Spencer
50.9%
20White
50.7%
96Gutierrez
50.6%
9Rodriguez
50.5%
265Walsh
50.3%
233Jacobs
49.7%
8Garcia
49.6%
41Hill
49.2%
66Bailey
48.9%
283Valdez
48.3%
139Tucker
48.2%
92Sullivan
48.2%
84Price
48.1%
261Schultz
47.9%
152Wagner
47.7%
209Lane
47.1%
59Rivera
46.6%
210Riley
46.2%
48Evans
46%
85Myers
45.9%
Rank Surname % Correct
172Patel
45.8%
294Alvarado
45%
278Banks
44.9%
142Henry
44.8%
50Torres
44.5%
220Garza
44.3%
179Weaver
43.9%
86Long
43.8%
213Aguilar
43.6%
293Bates
43.1%
120Bryant
43.1%
161Holmes
43%
188Tran
43%
60Cook
42.9%
238Bishop
42.9%
169Rice
42.8%
248Oliver
42.5%
116Cole
41.9%
291Guerrero
41.7%
150Shaw
41.7%
124Ford
41.3%
234O'Brien
40.9%
141Burns
40.8%
130Kennedy
40.7%
112Ramos
39.8%
229Burke
39.7%
126Owens
38.7%
123Murray
38.7%
106Reynolds
38.1%
13Taylor
37.3%
16Moore
36.6%
240Salazar
35.6%
203Duncan
35.4%
187Arnold
35.3%
277Wong
34.8%
171Schmidt
34.4%
258McCoy
33.9%
115West
33.6%
22Lee
33.6%
282Delgado
33.5%
254Sims
33.3%
36Scott
33.3%
31Young
32.9%
114Griffin
32.7%
143Vasquez
31.9%
176Medina
31.3%
286Douglas
30.6%
275Lucas
30.3%
259Welch
30%
89Ross
30%
21Lopez
29.7%
81Reyes
29.2%
168Rose
29%
157Hunt
28.3%
83Hughes
28.1%
163Meyer
27.6%
284Pena
27.6%
133Woods
26.6%
26Lewis
26.4%
75Wood
26.4%
208Ray
26.3%
68Gomez
26%
264Fields
25.6%
295Beck
25.2%
221Vargas
25.1%
65Reed
24.7%
34Wright
24.7%
117Hayes
24.7%
58Murphy
23.7%
270May
23.6%
266Little
23.2%
250Dean
22.8%
297Wade
22.7%
185Dunn
22.7%
186Pierce
22.3%
137Webb
22%
280Curtis
21.3%
155Hicks
20.9%
271Day
20.6%
82Cruz
19.4%
199Knight
18.6%
296Ortega
18.4%
94Ortiz
18.3%
263Reid
17.3%
177Ryan
16.6%
227George
16.5%
232Munoz
16.3%
72Cox
15.3%
164Boyd
15.3%
57Nguyen
14.9%
73Diaz
14.4%
183Payne
13.3%
109Kim
13.2%
214Silva
12.7%
285Rios
12.6%
167Fox
11.9%
156Dixon
11%
237Lynch
9.5%
257Soto
9.3%
129Ruiz
8.9%

You're not logged in!

Compare scores with friends on all Sporcle quizzes.
OR
Log In

Sporcle TV

Today on Sporcle TV


Watch our educational content, quiz creation guides, and fun videos on Sporcle TV.

Show Comments

Extras

Top Quizzes Today


Score Distribution

Paid Content

Your Account Isn't Verified!

In order to create a playlist on Sporcle, you need to verify the email address you used during registration. Go to your Sporcle Settings to finish the process.

Report this User

Report this user for behavior that violates our Community Guidelines.

Details: